00862 2200277 4500001002100000005001500021035002500036007000300061008004100064020002200105040001700127082001400144084001600158090002000174090002200194100003000216245012900246250001100375260005400386300004200440504003200482650001400514850001200528999002200540990002200562INLIS00000000002534420200729103009 a0010-021700000000158ta170203s2015 yoia gr d a978-602-386-038-8 aYOPDYOGeind04222a320.5 a320.5 HAP p aDEP 320.5 HAP p aCB-D.11 2015-20711 aHapsara Habib Rachmat, R.00aPancasila dan pengaruhnya pada filsafat, pemikiran dasar serta pelaksanaan pembangunan kesehatan /cR. Hapsara Habib Rachmat aCet. 13 aYogyakarta :bGadjah Mada University Press,c2015 axii, 31 halaman :bilustrasi ;c22 cm aBibliografi : halaman 23-28 4aPancasila aYOPDYOG aCB-D.11/2015-2071 aCB-D.11/2015-2071